000 04007cam a22002777a 4500
999 _c13433
_d13433
003 OSt
005 20250602145153.0
008 140111s2012 vraae 001 0 eng
010 _a 2013474971
016 7 _a015875358
_2Uk
020 _a9781864704532 (hbk)
042 _aanuc
_alccopycat
082 0 4 _a728.370904
_223
245 0 0 _aMasterpiece :
_biconic houses by great contemporary architects /
_cedited by Beth Browne.
260 _aMulgrave, Vic. :
_bImages Pub.
_cc2012.
300 _a263 p. :
_bill. (chiefly col.), plans ;
_c26 cm.
500 _aIncludes index.
505 0 _a5°35' at Craignish / Cameron Webster Architects -- Berberian Residence / Landry Design Group -- Bridge House / Stanley Saitowitz/Natoma Architects, Inc. -- Brussels House / Philippe Samyn and Partners -- Carillo Residence / Ehrlich Architects -- Drumlin Hall / Peter Pennoyer Architects -- Ganendra Art House/ Ken Yeang -- The Hen House / Rural design -- Hill House / MacKay-Lyons Sweetapple Architects -- Hong Kong Villa / Olson Kundig Architects -- The Houl / Simon Winstanley Architects -- House of Passages / Ken Tate Architect -- The House of Planes/The House of Volumes / Margaret McCurry with Stanley Tigerman -- Huckleberry House / Allan Greenberg Architect -- Jaspers Loft / Michel Jaspers -- Kawana House / Foster + Partners -- Kokkalis House / BC Estudio -- Lake Residence / Charles R. Stinson Architects -- Lakeshore View / SCDA Architects -- Lawson-Westen House / Eric Owen Moss Architects -- Linear House / Patkau Architects -- Lyle House / William T. Baker -- Massachusetts residence / CBT Architects -- Miracle Beach House / Helliwell + Smith, Blue Sky Architecture -- Modern classical house / Robert Adam, Adam Architecture -- Montecito Residence / Barton Myers Associates -- Mortlock Lee House / Troppo Architects NT -- Mount Davis Villa / Farrells -- Oz House / Swatt/ Miers Architects -- Padaro Beach House / B3 Architects -- Palo Alto Residence / CCS Architecture -- Pool House Dubai / chakib Richani Architects -- Riverbank House / Jackson Architecture -- Ruddell House / Moore Ruble Yudell Architects and Planners -- Schnabel House / Gehry Partners -- Sierra Residence / Arkin Tilt Architects -- Simpson-Lee House / Glenn Murcutt -- skyarc / will bruder+Partners -- Sycamores Estate / Richard Manion Architecture -- Turbulence House / Steven Holl Architects -- Villa in Lyngby / Henning Larsen Architects -- Villa Redaelli / Mario Botta -- Villa S / Coop Himmelb(L)au -- Villa Veneto / Michael Suttor -- Virginia Ranch / Diamond Schmitt Architects.
520 _aEvery great architect has an original vision. The ability of master architects to see the big picture, to create inclusive, responsive designs that embrace building, site, and interiors with subtlety and style, leads to their work gaining widespread praise and international acclaim. Their talent and ambition, along with an unfaltering attention to detail and flair for fusing art and architecture, combine to produce houses of unparalleled style and comfort. Masterpiece: Iconic Houses by Great Contemporary Architects presents an up-to-the-minute collection of residential work from these much-lauded practitioners, proving that architecture can always be re-imagined. This invaluable new compendium of spectacular houses designed by architecture's brightest stars also provides unique insights into their personal design philosophies. Stunning architectural photography of each house is supplemented with detailed descriptions, plans, sections, and sketches, revealing the mastery behind each design. Project locations range from the USA to France, from Italy to Dubai, and from Hong Kong to Spain.
650 0 _aArchitect-designed houses
_xHistory
_y20th century
_vPictorial works.
650 0 _aArchitect-designed houses
_xHistory
_y21st century
_vPictorial works.
650 0 _aArchitect-designed houses
_vDesigns and plans.
700 1 _aBrowne, Beth.
906 _a7
_bcbc
_ccopycat
_d2
_encip
_f20
_gy-gencatlg
942 _2ddc